<?xml version="1.0" encoding="UTF-8"?>
<record
    xmlns:xsi="http://www.w3.org/2001/XMLSchema-instance"
    xsi:schemaLocation="http://www.loc.gov/MARC21/slim http://www.loc.gov/standards/marcxml/schema/MARC21slim.xsd"
    xmlns="http://www.loc.gov/MARC21/slim">

  <leader>02366nam a22003017a 4500</leader>
  <controlfield tag="003">OSt</controlfield>
  <controlfield tag="005">20251104110017.0</controlfield>
  <controlfield tag="008">250910b        |||||||| |||| 00| 0 eng d</controlfield>
  <datafield tag="020" ind1=" " ind2=" ">
    <subfield code="a">0007-6813</subfield>
  </datafield>
  <datafield tag="020" ind1=" " ind2=" ">
    <subfield code="a">1873-6068</subfield>
  </datafield>
  <datafield tag="040" ind1=" " ind2=" ">
    <subfield code="a">English</subfield>
    <subfield code="c">tbs</subfield>
  </datafield>
  <datafield tag="041" ind1=" " ind2=" ">
    <subfield code="a">English</subfield>
  </datafield>
  <datafield tag="100" ind1=" " ind2=" ">
    <subfield code="a">Merlo, Omar</subfield>
    <subfield code="d">1956-</subfield>
  </datafield>
  <datafield tag="245" ind1=" " ind2=" ">
    <subfield code="a">Exploring the changing role of brand archetypes in customer-brand relationships</subfield>
    <subfield code="b">: Why try to be a hero when your brand can be more?</subfield>
    <subfield code="c">/ Omar Merlo, Andreas B. Eisingerich,  Richard Gillingwater,  Jia Jocelyn Cao </subfield>
  </datafield>
  <datafield tag="260" ind1=" " ind2=" ">
    <subfield code="b">Business Horizons</subfield>
    <subfield code="c">2023</subfield>
  </datafield>
  <datafield tag="362" ind1=" " ind2=" ">
    <subfield code="a">Business Horizons Volume 66, Issue 5, September&#x2013;October 2023, Pages 615-629</subfield>
  </datafield>
  <datafield tag="520" ind1=" " ind2=" ">
    <subfield code="a">For over 20 years, managers have been encouraged to leverage archetypal meaning to strengthen their brands. Prior research has studied archetypes as universal patterns present in the collective unconscious that trigger an instinctive response in customers, arguing that brands should evoke one archetype at a time. However, recent evidence seems to suggest that the single archetype view proposed in previous work may have lost its relevance in the marketplace. This article responds to calls for further research into brand archetypes by analyzing more than 2,400 brands and the archetypes they evoke in their marketing communications. The current findings support the continued relevance and importance of brand archetypes in marketing, showing that brands connect with customers by consistently evoking specific archetypes. Critically, however, strong brands tend to leverage multiple archetypes at a time rather than just one as previously believed. We explore key implications of our findings for theory and management, discuss avenues for future research, and provide actionable guidelines for managers wishing to leverage archetypal meaning to build strong brands.</subfield>
  </datafield>
  <datafield tag="653" ind1=" " ind2=" ">
    <subfield code="a">Brand archetypes</subfield>
  </datafield>
  <datafield tag="653" ind1=" " ind2=" ">
    <subfield code="a">Brand management</subfield>
  </datafield>
  <datafield tag="653" ind1=" " ind2=" ">
    <subfield code="a">Brand personality</subfield>
  </datafield>
  <datafield tag="653" ind1=" " ind2=" ">
    <subfield code="a">Customer relationships</subfield>
  </datafield>
  <datafield tag="653" ind1=" " ind2=" ">
    <subfield code="a">Marketing communications</subfield>
  </datafield>
  <datafield tag="700" ind1=" " ind2=" ">
    <subfield code="a">Eisingerich, Andreas B.</subfield>
    <subfield code="9">26409</subfield>
  </datafield>
  <datafield tag="700" ind1=" " ind2=" ">
    <subfield code="a">Gillingwater, Richard</subfield>
    <subfield code="9">26410</subfield>
  </datafield>
  <datafield tag="700" ind1=" " ind2=" ">
    <subfield code="a">Cao, Jia Jocelyn</subfield>
    <subfield code="9">26411</subfield>
  </datafield>
  <datafield tag="856" ind1=" " ind2=" ">
    <subfield code="u">https://bibliotheque.tbs-education.fr/Default/doc/edselp/S0007681322001355/exploring-the-changing-role-of-brand-archetypes-in-customer-brand-relationships-why-try-to-be-a-hero</subfield>
  </datafield>
  <datafield tag="942" ind1=" " ind2=" ">
    <subfield code="2">lcc</subfield>
  </datafield>
  <datafield tag="952" ind1=" " ind2=" ">
    <subfield code="0">0</subfield>
    <subfield code="1">0</subfield>
    <subfield code="2">lcc</subfield>
    <subfield code="4">0</subfield>
    <subfield code="7">0</subfield>
    <subfield code="a">TBS</subfield>
    <subfield code="b">TBS</subfield>
    <subfield code="d">2025-11-04</subfield>
    <subfield code="l">0</subfield>
    <subfield code="r">2025-11-04</subfield>
    <subfield code="u">https://bibliotheque.tbs-education.fr/Default/doc/edselp/S0007681322001355/exploring-the-changing-role-of-brand-archetypes-in-customer-brand-relationships-why-try-to-be-a-hero</subfield>
    <subfield code="w">2025-11-04</subfield>
    <subfield code="y">ARTICLE</subfield>
  </datafield>
  <datafield tag="999" ind1=" " ind2=" ">
    <subfield code="c">5139</subfield>
    <subfield code="d">5139</subfield>
  </datafield>
</record>
